[Event "Nordic-ch U20 Girls"]
[Site "Haraldsheim"]
[Date "2008.04.20"]
[Round "5"]
[White "Bator, Magdalena"]
[Black "Farevaag, Evy"]
[Result "1-0"]
[WhiteElo "1869"]
[BlackElo "1799"]
[PlyCount "83"]
[EventDate "2008.04.18"]
[EventType "team-tourn"]
[EventRounds "9"]
[EventCountry "NOR"]
[SourceTitle "CBM 123 Extra"]
[Source "ChessBase"]
[SourceDate "2008.05.06"]
[SourceVersion "1"]
[SourceVersionDate "2008.05.06"]
[SourceQuality "1"]

1. d4 f5 2. c4 e6 3. Nc3 Nf6 4. Nf3 d5 5. Bf4 c6 6. e3 Be7 7. Bd3 0-0 8. 0-0 Nbd7 9. cxd5 exd5 10. Bxf5 Nh5 11. Be6+ Kh8 12. Bg3 Ndf6 13. Bxc8 Qxc8 14. Ne5 Nxg3 15. hxg3 Qe6 16. Ne2 Bd6 17. Nf4 Qe8 18. Nfd3 b6 19. g4 c5 20. b3 Rc8 21. Rc1 b5 22. g5 Ne4 23. g6 c4 24. bxc4 bxc4 25. Nf7+ Rxf7 26. gxf7 Qxf7 27. Ne5 Qe7 28. Qh5 Kg8 29. Qg4 Rf8 30. f3 Nf6 31. Qg5 Qe8 32. Rb1 Qc8 33. Rfc1 c3 34. Rb3 Qa6 35. Rbxc3 Bb8 36. a3 Bd6 37. Qf5 Bxe5 38. Qxe5 Nd7 39. Qxd5+ Rf7 40. Rc8+ Nf8 41. R1c7 Qf6 42. Rxf8+ 1-0

[Event "POL-ch U18 Girls"]
[Site "Leba"]
[Date "2007.04.01"]
[Round "11"]
[White "Bator, Magdalena"]
[Black "Nowakowska, Agnieszka"]
[Result "1/2-1/2"]
[WhiteElo "1924"]
[BlackElo "1736"]
[PlyCount "90"]
[EventDate "2007.03.24"]
[EventType "swiss"]
[EventRounds "11"]
[EventCountry "POL"]
[SourceTitle "EXT 2011"]
[Source "ChessBase"]
[SourceDate "2010.11.26"]
[SourceVersion "1"]
[SourceVersionDate "2010.11.26"]
[SourceQuality "1"]

1. e4 c6 2. d4 d5 3. Nc3 dxe4 4. Nxe4 Nd7 5. Bc4 Ndf6 6. Ng5 e6 7. N1f3 h6 8. Nh3 c5 9. Bf4 g5 10. Nhxg5 hxg5 11. Nxg5 Qxd4 12. Bb5+ Bd7 13. Bxd7+ Qxd7 14. Qf3 Rd8 15. 0-0 Be7 16. Rad1 Qc6 17. Qc3 Rh5 18. Rxd8+ Bxd8 19. Rd1 Bc7 20. Qg3 Bxf4 21. Qxf4 Ke7 22. a4 Nh6 23. h3 Nd5 24. Qd2 Qc7 25. Ne4 Ng8 26. c4 Ndf6 27. Nd6 a6 28. Nxb7 Ne4 29. Qd3 Ngf6 30. f3 Ng5 31. Nd6 Kf8 32. f4 Ngh7 33. g4 Rh6 34. g5 Rg6 35. h4 Ne8 36. h5 Rg7 37. Nxe8 Kxe8 38. Qe4 Nxg5 39. fxg5 Rxg5+ 40. Kf1 Rf5+ 41. Kg2 Rg5+ 42. Kf1 Rxh5 43. b3 a5 44. Rd2 Re5 45. Qh4 Rf5+ 1/2-1/2

[Event "POL-ch U18 Girls"]
[Site "Leba"]
[Date "2007.03.29"]
[Round "8"]
[White "Bator, Magdalena"]
[Black "Kasprzykowska, Joanna"]
[Result "0-1"]
[WhiteElo "1924"]
[BlackElo "1779"]
[PlyCount "86"]
[EventDate "2007.03.24"]
[EventType "swiss"]
[EventRounds "11"]
[EventCountry "POL"]
[SourceTitle "EXT 2011"]
[Source "ChessBase"]
[SourceDate "2010.11.26"]
[SourceVersion "1"]
[SourceVersionDate "2010.11.26"]
[SourceQuality "1"]

1. e4 d5 2. exd5 Qxd5 3. Nc3 Qd6 4. Nf3 Nf6 5. d4 a6 6. h3 Nc6 7. Bc4 Bf5 8. 0-0 e6 9. Be3 Be7 10. Qd2 0-0-0 11. a3 Ne4 12. Qe2 Nb8 13. Rfd1 g5 14. Nxe4 Bxe4 15. Nxg5 Bxg5 16. Bxg5 Bxg2 17. Kxg2 Rdg8 18. Qf3 Rxg5+ 19. Kf1 Rf5 20. Qg4 Nd7 21. Bd3 Nf6 22. Qg2 Rg8 23. Qh1 Rf4 24. c3 Nh5 25. Ke2 e5 26. d5 Qc5 27. Qh2 e4 28. Bc2 Qc4+ 29. Kd2 Qxd5+ 30. Kc1 Qc5 31. Rd4 Qg5 32. Kb1 Nf6 33. Ka2 c5 34. Rd6 Ne8 35. Rd2 Nc7 36. Rad1 Qf6 37. Rd7 Nb5 38. Ka1 Rxf2 39. Qh1 Nxc3 40. R7d6 Qe5 41. R1d2 Rxd2 42. Rxd2 e3 43. Qe1 exd2 0-1

[Event "POL-ch U18 Girls"]
[Site "Leba"]
[Date "2007.03.27"]
[Round "5"]
[White "Bator, Magdalena"]
[Black "Gorol, Magdalena"]
[Result "0-1"]
[WhiteElo "1924"]
[BlackElo "1823"]
[PlyCount "84"]
[EventDate "2007.03.24"]
[EventType "swiss"]
[EventRounds "11"]
[EventCountry "POL"]
[SourceTitle "EXT 2011"]
[Source "ChessBase"]
[SourceDate "2010.11.26"]
[SourceVersion "1"]
[SourceVersionDate "2010.11.26"]
[SourceQuality "1"]

1. e4 d5 2. exd5 Qxd5 3. Nc3 Qa5 4. Nf3 Nf6 5. d4 Bf5 6. Bc4 e6 7. Bd2 c6 8. 0-0 Qc7 9. Ne5 Bd6 10. Re1 Nbd7 11. Qe2 0-0 12. Bg5 Rfe8 13. h3 Nd5 14. Nxd7 Qxd7 15. Ne4 Bf8 16. Rad1 Be7 17. Bxe7 Qxe7 18. c3 Rad8 19. Qh5 Bg6 20. Qg5 Qc7 21. Rd3 b5 22. Bb3 a5 23. Rg3 a4 24. Bd1 Ne7 25. Nc5 Rd5 26. Qd2 Nf5 27. Rd3 Nh4 28. Rg3 Qd8 29. Qf4 Rf5 30. Qe3 Rd5 31. Bg4 h5 32. Bf3 Nf5 33. Qf4 Nxg3 34. Bxd5 Qxd5 35. Qxg3 Qxa2 36. Re5 Qxb2 37. Nxe6 Qb1+ 38. Kh2 Rxe6 39. f3 Rxe5 40. Qxe5 a3 41. f4 a2 42. f5 Qxf5 0-1

[Event "POL-ch U18 Girls"]
[Site "Leba"]
[Date "2007.03.27"]
[Round "6"]
[White "Gondko, Katarzyna"]
[Black "Bator, Magdalena"]
[Result "1/2-1/2"]
[WhiteElo "1875"]
[BlackElo "1924"]
[PlyCount "68"]
[EventDate "2007.03.24"]
[EventType "swiss"]
[EventRounds "11"]
[EventCountry "POL"]
[SourceTitle "EXT 2011"]
[Source "ChessBase"]
[SourceDate "2010.11.26"]
[SourceVersion "1"]
[SourceVersionDate "2010.11.26"]
[SourceQuality "1"]

1. e4 e6 2. d3 d5 3. Qe2 Nf6 4. g3 Nc6 5. Nf3 dxe4 6. dxe4 Bc5 7. Bg2 0-0 8. 0-0 e5 9. c3 Bg4 10. h3 Bh5 11. Nbd2 Qe7 12. Nc4 b5 13. Ne3 b4 14. Nd5 Nxd5 15. exd5 e4 16. dxc6 exf3 17. Qxe7 Bxe7 18. Re1 Bf6 19. g4 bxc3 20. gxh5 fxg2 21. Re2 Rab8 22. Rb1 Rb6 23. Be3 Rxc6 24. bxc3 Rxc3 25. Kxg2 c5 26. Rb5 Bd4 27. Bxd4 cxd4 28. Rd2 d3 29. Rd5 h6 30. R2xd3 Rxd3 31. Rxd3 Rc8 32. Ra3 Rc7 33. Kf3 Re7 34. Kg4 Kf8 1/2-1/2

[Event "POL-chT 2nd League"]
[Site "Lublin"]
[Date "2006.09.09"]
[Round "8.84"]
[White "Leszczynska, Jolanta"]
[Black "Bator, Magdalena"]
[Result "1-0"]
[WhiteElo "2085"]
[BlackElo "1912"]
[PlyCount "53"]
[EventDate "2006.09.02"]
[EventType "team-swiss"]
[EventRounds "9"]
[EventCountry "POL"]
[SourceTitle "EXT 2019"]
[Source "ChessBase"]
[SourceDate "2018.10.10"]
[SourceVersion "1"]
[SourceVersionDate "2018.10.10"]
[SourceQuality "1"]
[WhiteTeam "Wloclawek Leszczynski"]
[BlackTeam "Stara Wies Parnas"]
[WhiteTeamCountry "POL"]
[BlackTeamCountry "POL"]

1. Nf3 d5 2. b3 Nf6 3. Bb2 Bg4 4. Ne5 Bf5 5. g3 c6 6. Bg2 e6 7. 0-0 Bd6 8. d4 0-0 9. Nd2 Nbd7 10. f3 Qe7 11. e4 dxe4 12. fxe4 Bxe5 13. dxe5 Qc5+ 14. Kh1 Bg4 15. Qc1 Nxe5 16. Ba3 Qc3 17. Bxf8 Rxf8 18. Rb1 Rd8 19. Rf2 h6 20. Qe1 Qd4 21. Nf1 Rd7 22. Rd2 Qc5 23. Rxd7 Nfxd7 24. Ne3 Nf3 25. Qf2 Qh5 26. Nxg4 Qxg4 27. Qxf3 1-0

[Event "POL-chT 2nd League"]
[Site "Lublin"]
[Date "2006.09.04"]
[Round "3.60"]
[White "Bator, Magdalena"]
[Black "Wesolowska, Hanna"]
[Result "1/2-1/2"]
[WhiteElo "1912"]
[BlackElo "2075"]
[PlyCount "118"]
[EventDate "2006.09.02"]
[EventType "team-swiss"]
[EventRounds "9"]
[EventCountry "POL"]
[SourceTitle "EXT 2019"]
[Source "ChessBase"]
[SourceDate "2018.10.10"]
[SourceVersion "1"]
[SourceVersionDate "2018.10.10"]
[SourceQuality "1"]
[WhiteTeam "Stara Wies Parnas"]
[BlackTeam "Pniowek 74"]
[WhiteTeamCountry "POL"]
[BlackTeamCountry "POL"]

1. e4 e5 2. Nf3 Nc6 3. Bb5 a6 4. Ba4 Nf6 5. 0-0 Nxe4 6. d4 b5 7. Bb3 d5 8. dxe5 Be6 9. Nbd2 Nc5 10. c3 Be7 11. Bc2 Qd7 12. Nd4 Nxe5 13. f4 Bg4 14. Qe1 Ned3 15. Qe3 Nxc1 16. Raxc1 Ne6 17. h3 c5 18. N4b3 c4 19. Nd4 Nxd4 20. hxg4 Nxc2 21. Rxc2 Qxg4 22. Re1 Qd7 23. Nf3 f6 24. Rce2 Ra7 25. f5 Kf7 26. Qb6 Bd8 27. Qc5 Rc7 28. Qe3 Qxf5 29. Nd4 Qd7 30. Qg3 Rb7 31. Ne6 Bb6+ 32. Kh1 g6 33. Qf4 Rc8 34. Qh4 Kg8 35. Qxf6 Qf7 36. Qe5 Rd7 37. Ng5 Qf5 38. Qxf5 gxf5 39. Rf1 Rf8 40. Re5 f4 41. Ne6 Re7 42. Rg5+ Kf7 43. Rxf4+ Kxe6 44. Rxf8 Kd6 45. Rf6+ Kc5 46. Rff5 Rd7 47. Rh5 a5 48. Kg1 b4 49. Kf1 bxc3 50. bxc3 Kc6 51. Rh6+ Kb5 52. Rhh5 Ka4 53. Rxd5 Rf7+ 54. Ke1 Ka3 55. Rd2 a4 56. Rb5 Ba7 57. Rb4 Rc7 58. Re2 Bc5 59. Rb5 Bd6 1/2-1/2

[Event "POL-chT 2nd League"]
[Site "Lublin"]
[Date "2006.09.02"]
[Round "1.42"]
[White "Bator, Magdalena"]
[Black "Bursa, Renata"]
[Result "0-1"]
[WhiteElo "1912"]
[BlackElo "2046"]
[PlyCount "78"]
[EventDate "2006.09.02"]
[EventType "team-swiss"]
[EventRounds "9"]
[EventCountry "POL"]
[SourceTitle "EXT 2019"]
[Source "ChessBase"]
[SourceDate "2018.10.10"]
[SourceVersion "1"]
[SourceVersionDate "2018.10.10"]
[SourceQuality "1"]
[WhiteTeam "Stara Wies Parnas"]
[BlackTeam "Grudziadz Rotmistrz MAT Premium"]
[WhiteTeamCountry "POL"]
[BlackTeamCountry "POL"]

1. e4 Nf6 2. e5 Nd5 3. d4 d6 4. c4 Nb6 5. exd6 cxd6 6. Be2 g6 7. h3 Bg7 8. Nf3 Bf5 9. 0-0 0-0 10. Be3 Qc8 11. Nbd2 Nc6 12. a3 e5 13. dxe5 dxe5 14. Bxb6 axb6 15. Nh4 Be6 16. Rc1 Rd8 17. Qe1 Bh6 18. Rd1 f5 19. Nhf3 e4 20. Nh2 Nd4 21. Nb1 Bxc4 22. Bxc4+ Qxc4 23. Nc3 b5 24. f4 Bf8 25. Kh1 b4 26. axb4 Bxb4 27. Rc1 Qe6 28. Qe3 Nb3 29. Rcd1 Bc5 30. Qe2 Bb6 31. Nf3 Nd4 32. Ng5 Nxe2 33. Nxe6 Ng3+ 34. Kh2 Nxf1+ 35. Rxf1 Re8 36. Nd4 Bxd4 37. Nd5 Ra5 38. Nc7 Rc8 39. Ne6 Bb6 0-1

[Event "POL-ch U16 Girls"]
[Site "Leba"]
[Date "2006.04.01"]
[Round "10"]
[White "Wierzbicka, Wiktoria"]
[Black "Bator, Magdalena"]
[Result "1-0"]
[WhiteElo "1800"]
[BlackElo "1950"]
[PlyCount "77"]
[EventDate "2006.03.25"]
[EventType "swiss"]
[EventRounds "11"]
[EventCountry "POL"]
[SourceTitle "CBM 111 Extra"]
[Source "ChessBase"]
[SourceDate "2006.05.09"]
[SourceVersion "1"]
[SourceVersionDate "2006.05.09"]
[SourceQuality "1"]

1. e4 e6 2. d4 d5 3. Nc3 Bb4 4. Bd3 c5 5. exd5 cxd4 6. Bb5+ Kf8 7. Qxd4 Bxc3+ 8. bxc3 exd5 9. Ba3+ Ne7 10. Rd1 Be6 11. Ne2 Kg8 12. 0-0 Nf5 13. Qa4 Qc7 14. Bc4 Bd7 15. Qb4 Nc6 16. Qc5 dxc4 17. Nd4 Nfxd4 18. cxd4 Rc8 19. Rfe1 h6 20. Qxc4 Na5 21. Qb4 Kh7 22. d5 Rhe8 23. d6 Qb6 24. Qf4 Kg8 25. Re7 Rxe7 26. dxe7 Be8 27. h3 Nc6 28. Qg4 Qc7 29. Bb2 g6 30. Bf6 Kh7 31. Qh4 Nxe7 32. Bxe7 Qxc2 33. Ra1 Qf5 34. Qd4 Rc6 35. Rd1 Rc2 36. Bf8 f6 37. Qe3 Bf7 38. Qxh6+ Kg8 39. Qg7# 1-0